000 00305nab a22001097u 4500
008 130520b2003 xxu||||| |||| 00| 0 spa d
041 _aspa
100 1 _aOchs, Peter
_971384
245 0 0 _aTrinidad y judaísmo
_cPeter Ochs
773 0 _tConcilium
_gnº302,2003,págs. 61-70
_x0210-1041
_wRev134
942 _cAR
999 _c366199
_d366199